INTRODUCTORY SOIL SCIENCE (Record no. 22183)

MARC details
000 -LEADER
fixed length control field 00303nam a22001337a 4500
003 - CONTROL NUMBER IDENTIFIER
control field SGT
020 ## - INTERNATIONAL STANDARD BOOK NUMBER
International Standard Book Number 978-93-272-5754-0
082 ## - DEWEY DECIMAL CLASSIFICATION NUMBER
Classification number 631.4
Item number DAS
100 ## - MAIN ENTRY--PERSONAL NAME
Personal name DAS, DILIP KUMAR
245 ## - TITLE STATEMENT
Title INTRODUCTORY SOIL SCIENCE
260 ## - PUBLICATION, DISTRIBUTION, ETC. (IMPRINT)
Place of publication, distribution, etc LUDHIANA
Name of publisher, distributor, etc KALYANI PUB.
Year of Publication 2021
300 ## - PAGE DESCRIPTION
No. of Pages 879
942 ## - ADDED ENTRY ELEMENTS (KOHA)
Source of classification or shelving scheme Dewey Decimal Classification
Koha item type Books
942 ## - ADDED ENTRY ELEMENTS (KOHA)
-- 26
Holdings
Withdrawn status Lost status Source of classification or shelving scheme Damaged status Not for loan Home library Current library Shelving location Date acquired Vendor Name Cost, normal purchase price SGTU Bill Number Total Checkouts Full call number Accession No. (Barcode) Date last seen Date last borrowed Bill Date Koha item type Total Renewals
    Dewey Decimal Classification     SGT Science & Social Sciences Library SGT Science & Social Sciences Library Text Book 22/02/2022 ABC 550.00 SGTU 13649 4 631.4 DAS AG1572 25/02/2026 13/02/2026   Books  
    Dewey Decimal Classification     SGT Science & Social Sciences Library SGT Science & Social Sciences Library Text Book 22/02/2022 ABC 550.00 SGTU 13649 9 631.4 DAS AG1573 12/11/2025 29/10/2025   Books  
    Dewey Decimal Classification     SGT Science & Social Sciences Library SGT Science & Social Sciences Library Text Book 22/02/2022 ABC 550.00 SGTU 13649 8 631.4 DAS AG1574 15/01/2025 13/01/2025   Books  
    Dewey Decimal Classification     SGT Science & Social Sciences Library SGT Science & Social Sciences Library Text Book 22/02/2022 ABC 550.00 SGTU 13649 7 631.4 DAS AG1575 05/03/2025 03/02/2025   Books 1